|
|
|
|
| LEADER |
00000nam0a2200000 4500 |
| 001 |
51587 |
| 005 |
20231031040154.0 |
| 035 |
|
|
|a (RuTPU)RU\TPU\book\54010
|
| 090 |
|
|
|a 51587
|
| 100 |
|
|
|a 20030505d1980 km y0rusy50 ca
|
| 101 |
0 |
|
|a rus
|
| 102 |
|
|
|a RU
|
| 105 |
|
|
|a a z 001zy
|
| 200 |
1 |
|
|a Системный подход при управлении развитием электроэнергетики
|f Сибирское отделение АН СССР; Сибирский энергетический институт; Под ред. Л. С. Беляева; Под ред. Ю. Н. Руденко
|
| 210 |
|
|
|a Новосибирск
|c Наука
|d 1980
|
| 215 |
|
|
|a 239 с.
|c ил.
|
| 320 |
|
|
|a Библиогр.: с. 232-238
|
| 610 |
1 |
|
|a электроэнергетика
|
| 610 |
1 |
|
|a развитие
|
| 610 |
1 |
|
|a электроэнергетические системы
|
| 610 |
1 |
|
|a проектирование
|
| 675 |
|
|
|a 621.311:658
|v 3
|
| 702 |
|
1 |
|a Беляев
|b Л. С.
|g Лев Спиридонович
|4 340
|
| 702 |
|
1 |
|a Руденко
|b Ю. Н.
|g Юрий Николаевич
|4 340
|
| 712 |
0 |
2 |
|a Академия наук СССР (АН СССР)
|b Сибирское отделение (СО)
|b Сибирский энергетический институт им. Л. А. Мелентьева
|c (Иркутск)
|c (1960-1991)
|2 stltpush
|3 (RuTPU)RU\TPU\col\11908
|
| 801 |
|
1 |
|a RU
|b 63413507
|c 20030505
|g PSBO
|
| 801 |
|
2 |
|a RU
|b 63413507
|c 20150210
|g PSBO
|
| 942 |
|
|
|c BK
|